Musical Picture Quiz #2 - Statistics

General Stats
  • This quiz has been taken 50 times
  • The average score is 10 of 16
Answer Stats
Picture Answer % Correct
Beauty and the Beast
100%
The Lion King
100%
Cats
95%
Aladdin
84%
Waitress
84%
Six
74%
Cinderella
72%
Into the Woods
67%
Little Shop of Horrors
67%
Kinky Boots
65%
Rent
60%
The Addams Family
56%
Legally Blonde
40%
Pippin
26%
Thoroughly Modern Millie
23%
Kimberly Akimbo
9%
No matching quizzes found
Score Distribution
Percent of People with Each Score
Percentile by Number Answered
Your Score History
You have not taken this quiz